| 000 | 01532nam a2200421.c 4500 | ||
|---|---|---|---|
| 999 |
_c51550 _d51550 |
||
| 001 | 51550 | ||
| 003 | ES-MaCES | ||
| 005 | 20201028143123.0 | ||
| 008 | 201028s2020 sp ||||| |||||||||||spa|d | ||
| 017 |
_aCU 52-2020 _bDL |
||
| 020 | _a9788416373369 | ||
| 040 |
_aES-MaCES _bspa _cES-MaCES |
||
| 041 | 0 |
_aspa _aita _apor |
|
| 245 | 0 | 4 |
_aLos derechos humanos y la protección de los trabajadores en una era disruptiva _b: homenaje a la OIT en sus 100 años de creación _cMartha Elisa Monsalve Cuellar (coord.) |
| 260 |
_a[Cuenca] _bAlderabán _c[2020] |
||
| 300 |
_a437 p. _c24 cm |
||
| 500 | _aTextos en español, italiano y portugués | ||
| 541 | _cCompra | ||
| 650 | 4 |
_930653 _aglobalización económica |
|
| 650 | 4 |
_929223 _anuevo orden económico internacional |
|
| 650 | 4 |
_930788 _anuevas tecnologías |
|
| 650 | 4 |
_928236 _acambio tecnológico |
|
| 650 | 4 |
_929805 _amigración internacional |
|
| 650 | 4 |
_928369 _arelaciones laborales |
|
| 650 | 4 |
_927171 _aderechos humanos |
|
| 650 | 4 |
_929924 _aderechos de los trabajadores |
|
| 650 | 4 |
_930146 _aresponsabilidad del empleador |
|
| 650 | 4 |
_930590 _aresponsabilidad social |
|
| 650 | 4 |
_928362 _anegociación colectiva |
|
| 650 | 4 |
_927034 _aseguridad social |
|
| 650 | 4 |
_929112 _apapel de la OIT |
|
| 650 | 4 |
_930712 _aactividad normativa de la OIT |
|
| 650 | 4 |
_930609 _anorma internacional del trabajo |
|
| 653 | 1 | 0 | _aRelaciones laborales-Empleo |
| 700 | 1 |
_939613 _aMonsalve Cuéllar, Martha Elisa _ecoord. |
|
| 902 | _aLIB Libro | ||
| 942 |
_2CES _cBK _h2.0. |
||